000 00884nam a22002897a 4500
001 BR7703010
003 BR-BrBNA
005 20230928085309.0
007 ta
008 230509b bl.||||| |||| 00| 0 por d
040 _aBR-BrBNA
_bpor
_cBiblioteca Nacional de Agricultura
041 _a(Por)
072 _aE15
_b/G514
090 _ E15 BR7703010
100 1 _aRufino, J.L. dos S.
100 1 _aAndrade, J.G. de
110 1 _aEscola Superior de Agricultura de Lavras, MG (Brasil). Depto. de Ciencias Sociais
_94357
245 1 _aIndice de administracao rural como medida de eficiencia da empresa agricola [Brasil]
260 3 _aLavras, MG (Brasil):
_c[nd].
300 _a20 p.
500 _a15 ref.; Published after 1976
650 _aMicroeconomia
650 _aAdministracao rural
650 _aEmpresa rural
909 _a202309
_bLucia
_c55
_dLucia Elande
942 _cBK
999 _c23723
_d23723